000 00674nam a22002051a 4500
001 000013894
005 20230519124857.0
008 781016s1954 sp b 001 0 spa
040 _aDO-SdBNP
_bspa
_cBNPHU
040 _aDO-SdBNP
100 1 _aArias Ramos, Jose.
_931485
245 1 0 _aDerecho romano /
_cJ. Arias Ramos.
250 _a6ta ed.
260 _aMadrid :
_bRevista de Derecho Privado,
_cc1954.
300 _av. ;
_c23 cm.
500 _aLa biblioteca posee el volumen 1
504 _aIncluye referencias bibliográficas y notas al pie de las páginas
500 _aIncludes indexes.
505 0 _g1. Parte general.
_tDerechos reales.--
_tObligaciones y su clases
999 _c13500
_d13500